[Event "Oberliga Ost-A 0203"]
[Site "Germany"]
[Date "2002.11.17"]
[Round "3.3"]
[White "Drobka, Stefan"]
[Black "Packroff, Hermann"]
[Result "1/2-1/2"]
[WhiteElo "2245"]
[BlackElo "2242"]
[PlyCount "32"]
[EventDate "2002.10.20"]
[EventType "team"]
[EventRounds "11"]
[EventCountry "GER"]
[SourceTitle "EXT 2004"]
[Source "ChessBase"]
[SourceDate "2003.11.25"]
[SourceVersion "1"]
[SourceVersionDate "2003.11.25"]
[SourceQuality "1"]
[WhiteTeam "Magdeburg Aufbau Elbe"]
[BlackTeam "Naumburg"]
[WhiteTeamCountry "GER"]
[BlackTeamCountry "GER"]

1. e4 Nf6 2. e5 Nd5 3. d4 d6 4. Nf3 dxe5 5. Nxe5 c6 6. Bc4 Nd7 7. 0-0 Nxe5 8. dxe5 Bf5 9. c3 e6 10. Qe2 Be7 11. g4 Bxb1 12. Rxb1 h5 13. Bxd5 cxd5 14. gxh5 Qc7 15. Bf4 0-0-0 16. Bg3 Qc4 1/2-1/2

[Event "Oberliga Ost-A 0102"]
[Site "Germany"]
[Date "2002.02.02"]
[Round "6.3"]
[White "Drobka, Stefan"]
[Black "Poenisch, Eckehard"]
[Result "1/2-1/2"]
[WhiteElo "2269"]
[BlackElo "2240"]
[PlyCount "40"]
[EventDate "2001.10.07"]
[EventType "team"]
[EventRounds "11"]
[EventCountry "GER"]
[SourceTitle "EXT 2003"]
[Source "ChessBase"]
[SourceDate "2002.11.25"]
[SourceVersion "1"]
[SourceVersionDate "2002.11.25"]
[SourceQuality "1"]
[WhiteTeam "Magdeburg Aufbau Elbe"]
[BlackTeam "Coswig"]
[WhiteTeamCountry "GER"]
[BlackTeamCountry "GER"]

1. e4 Nc6 2. Nf3 d6 3. d4 Bg4 4. Be2 Nf6 5. Nc3 e6 6. h3 Bh5 7. d5 exd5 8. exd5 Bxf3 9. Bxf3 Ne5 10. Bf4 Be7 11. Be2 a6 12. Qd2 0-0 13. 0-0 Re8 14. a4 Qd7 15. Rfe1 Ng6 16. Bg3 Qf5 17. Bd3 Qh5 18. Be2 Qf5 19. Bd3 Qh5 20. Be2 Qf5 1/2-1/2

[Event "Strausberg Weihnachts op"]
[Site "Strausberg"]
[Date "2001.12.28"]
[Round "7.9"]
[White "Berger, Gerd Helmar"]
[Black "Drobka, Stefan"]
[Result "1/2-1/2"]
[WhiteElo "2049"]
[BlackElo "2269"]
[PlyCount "35"]
[EventDate "2001.12.27"]
[EventType "swiss"]
[EventRounds "7"]
[EventCountry "GER"]
[SourceTitle "EXT 2003"]
[Source "ChessBase"]
[SourceDate "2002.11.25"]
[SourceVersion "1"]
[SourceVersionDate "2002.11.25"]
[SourceQuality "1"]

1. g3 g6 2. Bg2 Bg7 3. c4 Nf6 4. Nc3 c6 5. e4 e5 6. Nge2 0-0 7. 0-0 d6 8. d3 Be6 9. h3 d5 10. exd5 cxd5 11. d4 e4 12. Bg5 Qd7 13. Bxf6 Bxf6 14. Nxd5 Bxd5 15. cxd5 Qxd5 16. Nc3 Qxd4 17. Nxe4 Nc6 18. Qxd4 1/2-1/2

[Event "Oberliga Ost-A 0001"]
[Site "Germany"]
[Date "2001.04.29"]
[Round "11.2"]
[White "Drobka, Stefan"]
[Black "Erler, Rainer"]
[Result "1-0"]
[WhiteElo "2276"]
[BlackElo "2159"]
[PlyCount "47"]
[EventDate "2000.10.15"]
[EventType "team"]
[EventRounds "11"]
[EventCountry "GER"]
[SourceTitle "EXT 2002"]
[Source "ChessBase"]
[SourceDate "2001.11.25"]
[SourceVersion "1"]
[SourceVersionDate "2001.11.25"]
[SourceQuality "1"]
[WhiteTeam "Magdeburg Aufbau Elbe"]
[BlackTeam "Anhalt"]
[WhiteTeamCountry "GER"]
[BlackTeamCountry "GER"]

1. e4 e5 2. Nf3 Nc6 3. Bb5 a6 4. Ba4 Nf6 5. 0-0 Bc5 6. c3 b5 7. Bb3 d6 8. h3 Bb7 9. d4 Bb6 10. Re1 h6 11. d5 Ne7 12. Nbd2 0-0 13. Nf1 c6 14. dxc6 Bxc6 15. Ng3 Qc7 16. Nh2 d5 17. Ng4 Nxe4 18. Rxe4 dxe4 19. Bxh6 Rfd8 20. Nf6+ Kf8 21. Qh5 Bd5 22. Bxd5 Nxd5 23. Bxg7+ Kxg7 24. Nf5+ 1-0

[Event "Oberliga Ost-A 0001"]
[Site "Germany"]
[Date "2001.04.28"]
[Round "10.2"]
[White "Hoepfl, Thomas"]
[Black "Drobka, Stefan"]
[Result "1/2-1/2"]
[WhiteElo "2256"]
[BlackElo "2276"]
[PlyCount "93"]
[EventDate "2000.10.15"]
[EventType "team"]
[EventRounds "11"]
[EventCountry "GER"]
[SourceTitle "EXT 2002"]
[Source "ChessBase"]
[SourceDate "2001.11.25"]
[SourceVersion "1"]
[SourceVersionDate "2001.11.25"]
[SourceQuality "1"]
[WhiteTeam "Halle USV"]
[BlackTeam "Magdeburg Aufbau Elbe"]
[WhiteTeamCountry "GER"]
[BlackTeamCountry "GER"]

1. e4 c5 2. Nf3 e6 3. d4 cxd4 4. Nxd4 Nc6 5. Nb5 d6 6. c4 a6 7. N5c3 Nf6 8. Be2 Be7 9. 0-0 0-0 10. Be3 Ne5 11. f4 Ned7 12. Bf3 Qc7 13. Nd2 Re8 14. g4 h6 15. h4 Nh7 16. g5 hxg5 17. hxg5 Qd8 18. Bg4 Ndf8 19. Qf3 Ng6 20. Qh3 e5 21. f5 Nf4 22. Bxf4 exf4 23. g6 fxg6 24. fxg6 Ng5 25. Qh5 Bxg4 26. Qxg4 Qc8 27. Qh5 Qh3 28. Qxh3 Nxh3+ 29. Kg2 Ng5 30. Nd5 Bd8 31. Rxf4 Re6 32. Rg4 Rxg6 33. Rf1 Rh6 34. Nf3 Nxf3 35. Rxf3 b5 36. Rgf4 Bg5 37. Rf5 Bc1 38. cxb5 axb5 39. Ne7+ Kh7 40. Rxb5 Rxa2 41. Nf5 Re6 42. Rh3+ Bh6 43. Kf3 Ra7 44. Rb6 Rf7 45. b4 Rc7 46. Rh4 Rc3+ 47. Ke2 1/2-1/2

[Event "Oberliga Ost-A 0001"]
[Site "Germany"]
[Date "2000.11.11"]
[Round "2.2"]
[White "Drobka, Stefan"]
[Black "Heinrich, Matthias"]
[Result "1-0"]
[WhiteElo "2276"]
[BlackElo "2137"]
[PlyCount "99"]
[EventDate "2000.10.15"]
[EventType "team"]
[EventRounds "11"]
[EventCountry "GER"]
[SourceTitle "EXT 2002"]
[Source "ChessBase"]
[SourceDate "2001.11.25"]
[SourceVersion "1"]
[SourceVersionDate "2001.11.25"]
[SourceQuality "1"]
[WhiteTeam "Magdeburg Aufbau Elbe"]
[BlackTeam "Leipzig Gohlis III"]
[WhiteTeamCountry "GER"]
[BlackTeamCountry "GER"]

1. e4 c5 2. Nf3 Nc6 3. d4 cxd4 4. Nxd4 g6 5. c4 Nf6 6. Nc3 Nxd4 7. Qxd4 d6 8. Be3 Bg7 9. f3 0-0 10. Qd2 Be6 11. Rc1 a6 12. Be2 Qa5 13. Nd5 Qxd2+ 14. Kxd2 Bxd5 15. cxd5 Rfc8 16. Rxc8+ Rxc8 17. Rc1 Rxc1 18. Kxc1 Nd7 19. Kc2 Kf8 20. b4 Ke8 21. Bc4 Kd8 22. f4 Ba1 23. Bb3 Kc7 24. Kd3 Bb2 25. a4 Ba1 26. Bd1 Bb2 27. Bg4 Nb6 28. Bd1 Nd7 29. Bc2 Ba1 30. h3 Bb2 31. Bd1 Ba1 32. g4 h6 33. Bb3 Nf6 34. a5 h5 35. Bb6+ Kc8 36. g5 Nd7 37. Bd4 Bxd4 38. Kxd4 Kc7 39. e5 Nf8 40. Bc2 Kd7 41. h4 Kc7 42. Ba4 Kd8 43. Kc4 Nd7 44. Kd4 Nf8 45. Bd1 Kd7 46. f5 Ke8 47. e6 gxf5 48. Bxh5 Ng6 49. exf7+ Kxf7 50. Ke3 1-0

[Event "Oberliga Ost playoff 9900"]
[Site "Germany"]
[Date "2000.05.07"]
[Round "12.2"]
[White "Drobka, Stefan"]
[Black "Boehlig, Heinz"]
[Result "1-0"]
[WhiteElo "2342"]
[BlackElo "2255"]
[PlyCount "47"]
[EventDate "2000.05.??"]
[EventType "match"]
[EventRounds "1"]
[EventCountry "GER"]
[SourceTitle "EXT 2002"]
[Source "ChessBase"]
[SourceDate "2001.11.25"]
[SourceVersion "1"]
[SourceVersionDate "2001.11.25"]
[SourceQuality "1"]

1. e4 c5 2. Nf3 d6 3. c3 Nf6 4. h3 g6 5. Bd3 Bg7 6. Bc2 Nc6 7. 0-0 0-0 8. d4 cxd4 9. cxd4 d5 10. e5 Ne4 11. Nc3 Nxc3 12. bxc3 b6 13. Re1 Na5 14. Bf4 Qc7 15. Qd2 Nc4 16. Qc1 Qc6 17. Bh6 f6 18. Bxg7 Kxg7 19. exf6+ exf6 20. Re7+ Rf7 21. Rxf7+ Kxf7 22. Qh6 Kg8 23. Re1 Qd7 24. Ba4 1-0

[Event "Werther Schloss op-A 6th"]
[Site "Werther"]
[Date "2000.04.16"]
[Round "5"]
[White "Drobka, Stefan"]
[Black "Goessling, Guido"]
[Result "0-1"]
[WhiteElo "2342"]
[BlackElo "2194"]
[PlyCount "64"]
[EventDate "2000.04.14"]
[EventType "swiss"]
[EventRounds "5"]
[EventCountry "GER"]
[SourceTitle "CBM 075 Extra"]
[Source "ChessBase"]
[SourceDate "2000.05.11"]
[SourceVersion "2"]
[SourceVersionDate "2000.05.11"]
[SourceQuality "1"]

1. e4 e5 2. Nf3 Nc6 3. Bb5 f5 4. d3 fxe4 5. dxe4 Nf6 6. 0-0 Bc5 7. Bc4 d6 8. Nc3 Bg4 9. h3 Bh5 10. Bg5 Qd7 11. Bxf6 gxf6 12. Nd5 Qg7 13. Qd3 0-0-0 14. Kh1 Rhg8 15. Ne1 Nd4 16. f3 c6 17. Nc3 Bf7 18. Bxf7 Qxf7 19. Na4 Rg3 20. b4 Bb6 21. Nxb6+ axb6 22. Rf2 Qh5 23. Qf1 Rdg8 24. a4 Ne6 25. Nd3 R8g6 26. a5 Ng5 27. axb6 Nxh3 28. Rd2 Ng5+ 29. Kg1 Nxf3+ 30. Kf2 Nxd2 31. Ra8+ Kd7 32. Nc5+ dxc5 0-1

[Event "Oberliga Ost-A 9900"]
[Site "Germany"]
[Date "2000.01.29"]
[Round "6.2"]
[White "Broemel, Richard"]
[Black "Drobka, Stefan"]
[Result "1-0"]
[WhiteElo "2220"]
[BlackElo "2342"]
[PlyCount "93"]
[EventDate "1999.10.??"]
[EventType "team"]
[EventRounds "11"]
[EventCountry "GER"]
[SourceTitle "EXT 2002"]
[Source "ChessBase"]
[SourceDate "2001.11.25"]
[SourceVersion "1"]
[SourceVersionDate "2001.11.25"]
[SourceQuality "1"]

1. d4 d5 2. Nf3 Nf6 3. Bf4 g6 4. e3 Bg7 5. Nbd2 0-0 6. Be2 b6 7. Ne5 Bb7 8. h4 c5 9. c3 Nc6 10. h5 Nxe5 11. dxe5 Ne8 12. Nf3 Nc7 13. Ng5 h6 14. Nxf7 Rxf7 15. Bxh6 Bxh6 16. hxg6 Rf5 17. Bd3 Rxe5 18. Rxh6 Qf8 19. g7 Qf4 20. Rh8+ Kxg7 21. Rh7+ Kg8 22. Qe2 Qg5 23. Rh3 d4 24. f4 Rxe3 25. Qxe3 Qf6 26. Qg3+ Kf8 27. Qg5 Qxg5 28. fxg5 Bxg2 29. Rh8+ Kg7 30. Rh7+ Kf8 31. Kf2 Bd5 32. Kg3 Bg8 33. Rf1+ Ke8 34. Rg7 Bxa2 35. c4 Kd7 36. Re1 Re8 37. Bg6 Rd8 38. Rexe7+ Kd6 39. Rxc7 Bxc4 40. Bf5 Bb5 41. Rxa7 d3 42. Bg4 d2 43. Rg6+ Ke5 44. Re6+ Kd5 45. Rxb6 Bd3 46. g6 Bf5 47. Bd1 1-0